De gňero y guerra Tomo 3

Detalles Bibliográficos
Autor principal: Lp̤ez Cr̀denas, Carlos Mauricio
Otros Autores: Chanchari Chanchari, Roco̕ Yudith, Rojas Da̕z, Emilio Sǹchez de
Formato: eBook
Lenguaje:español
Publicado: Bogot:̀ Editorial Universidad de Rosario (Colombia), 2017
Materias:
Acceso en línea:Acceso restringido

MARC

LEADER 00000nam a22000007a 4500
005 20180323221712.0
007 cr|||| ||||
008 180323s2017 co |||||s|||| 00||0 spa d
020 |a 978-958-738-897-8 
035 |a 21143 
040 |a vLex 
090 |c 7541  |d 7541 
100 1 |a Lp̤ez Cr̀denas, Carlos Mauricio 
245 1 0 |a De gňero y guerra  |h [Recurso electrn̤ico] /  |c Carlos Mauricio Lp̤ez Cr̀denas, Roco̕ Yudith Chanchari Chanchari, Emilio Sǹchez de Rojas Da̕z  |n Tomo 3 
256 |a Servicio en ln̕ea 
260 |a Bogot:̀  |b Editorial Universidad de Rosario (Colombia),  |c 2017 
300 |a 1 recurso electrn̤ico 
506 1 |a Disponible solo en los productos indicados  |d vLex Global  |d vLex Global (Academic Edition, excluding Law Schools)  |d vLex Global (U.S. Academic Edition, Law Schools)  |d vLex Global (U.S. Academic Edition, excluding Law Schools)  |d vLex Global (Academic Edition, Law Schools) 
650 0 4 |a Derecho Penal  |z Colombia 
700 1 |a Chanchari Chanchari, Roco̕ Yudith 
700 1 |a Rojas Da̕z, Emilio Sǹchez de 
740 0 |a vLex Libros (Servicio en ln̕ea) 
856 4 0 |u http://vlex.com/source/genero-guerra-tomo-3-21143  |z Acceso restringido 
942 |c BOOK 
999 0 |a Criminal law